Evaluating welfare reform (Record no. 178019)
[ view plain ]
| 000 -LEADER | |
|---|---|
| fixed length control field | 01650nam a2200349 a 4500 |
| 245 00 - TITLE STATEMENT | |
| Title | Evaluating welfare reform |
| 260 ## - PUBLICATION, DISTRIBUTION, ETC. (IMPRINT) | |
| Place of publication | Washington, D.C. : |
| Name of publisher | National Academy Press, |
| Year of publication | c1999. |
| 300 ## - PHYSICAL DESCRIPTION | |
| Number of Pages | viii, 151 p. |
| 490 1# - SERIES STATEMENT | |
| Series statement | Compass series |
| 500 ## - GENERAL NOTE | |
| General note | "Committee on National Statistics, Commission on Behavioral and Social Sciences and Education, National Research Council." |
| 650 #0 - SUBJECT ADDED ENTRY--TOPICAL TERM | |
| Topical Term | Public welfare |
| Topical Term | Public welfare administration |
| Topical Term | Social surveys |
| 700 1# - ADDED ENTRY--PERSONAL NAME | |
| Personal name | Moffitt, Robert. |
| Personal name | Ver Ploeg, Michele. |
| 856 40 - ELECTRONIC LOCATION AND ACCESS | |
| Uniform Resource Identifier | http://site.ebrary.com/lib/rucke/Doc?id=10055509 |
No items available.
